[Event "BL2 Mitte 1011 (Women)"]
[Site "Germany"]
[Date "2010.11.07"]
[Round "2.5"]
[White "Bluhm, Sonja Maria"]
[Black "Espig, Gesine"]
[Result "1-0"]
[WhiteElo "1818"]
[BlackElo "2031"]
[PlyCount "53"]
[EventDate "2010.11.06"]
[EventType "team-tourn"]
[EventRounds "7"]
[EventCountry "GER"]
[SourceTitle "EXT 2012"]
[Source "ChessBase"]
[SourceDate "2011.11.24"]
[SourceVersion "1"]
[SourceVersionDate "2011.11.24"]
[SourceQuality "1"]
[WhiteTeam "Hofheim (W)"]
[BlackTeam "Zeulenroda (W)"]
[WhiteTeamCountry "GER"]
[BlackTeamCountry "GER"]

1. e4 g6 2. d4 Bg7 3. Nc3 d6 4. f4 e6 5. Nf3 Ne7 6. Be3 b6 7. Qd2 Bb7 8. 0-0-0 Nd7 9. Bd3 c6 10. g4 b5 11. Rhg1 Qa5 12. Kb1 Nb6 13. f5 Na4 14. Nxb5 Qxd2 15. Nxd6+ Kd7 16. Bxd2 Kxd6 17. e5+ Kd7 18. f6 Bf8 19. fxe7 Bxe7 20. Rgf1 h5 21. Ng5 Bxg5 22. Bxg5 Ke8 23. gxh5 Rxh5 24. h4 Nb6 25. Rf6 Rh8 26. Rdf1 Rf8 27. Bxg6 1-0

[Event "BL2 Sued 0910 (Women)"]
[Site "Germany"]
[Date "2009.12.05"]
[Round "3.5"]
[White "Espig, Gesine"]
[Black "Baumstark, Gertrude"]
[Result "1-0"]
[WhiteElo "2036"]
[BlackElo "2036"]
[PlyCount "33"]
[EventDate "2009.11.07"]
[EventType "team-tourn"]
[EventRounds "7"]
[EventCountry "GER"]
[SourceTitle "CBM 133 Extra"]
[Source "ChessBase"]
[SourceDate "2010.01.05"]
[SourceVersion "1"]
[SourceVersionDate "2010.01.05"]
[SourceQuality "1"]
[WhiteTeam "Zeulenroda (W)"]
[BlackTeam "Augsburg (W)"]
[WhiteTeamCountry "GER"]
[BlackTeamCountry "GER"]

1. d4 d5 2. c4 c6 3. e3 Nf6 4. Nc3 Nbd7 5. Nf3 e6 6. Bd3 Bd6 7. 0-0 e5 8. cxd5 cxd5 9. e4 dxe4 10. Nxe4 Nxe4 11. Bxe4 0-0 12. dxe5 Be7 13. Qc2 h6 14. Rd1 Qb6 15. Be3 Bc5 16. Rxd7 Bxe3 17. Rd6 1-0

[Event "BL2 Ost 0809 (Women)"]
[Site "Germany"]
[Date "2008.11.08"]
[Round "1.5"]
[White "Espig, Gesine"]
[Black "Ohme, Kerstin"]
[Result "1-0"]
[WhiteElo "2048"]
[BlackElo "1667"]
[PlyCount "75"]
[EventDate "2008.11.08"]
[EventType "team-tourn"]
[EventRounds "7"]
[EventCountry "GER"]
[SourceTitle "EXT 2010"]
[Source "ChessBase"]
[SourceDate "2010.11.25"]
[SourceVersion "1"]
[SourceVersionDate "2010.11.25"]
[SourceQuality "1"]
[WhiteTeam "Zeulenroda (W)"]
[BlackTeam "Leipzig Mitte (W)"]
[WhiteTeamCountry "GER"]
[BlackTeamCountry "GER"]

1. d4 d5 2. c4 e6 3. Nc3 Nf6 4. Bg5 Be7 5. e3 0-0 6. Nf3 c6 7. Bd3 Nbd7 8. 0-0 dxc4 9. Bxc4 Nd5 10. Bxe7 Qxe7 11. Qd2 b6 12. Rac1 Bb7 13. e4 Nxc3 14. Rxc3 Nf6 15. Bd3 Rac8 16. Qg5 Qb4 17. Rb3 Qe7 18. e5 Nd5 19. Bxh7+ Kh8 20. Be4 Qxg5 21. Nxg5 g6 22. Ra3 a6 23. Rc1 Nf4 24. Rc2 Kg7 25. Rf3 Nd5 26. Bxd5 exd5 27. Rf6 Rc7 28. Rc3 a5 29. h4 Rfc8 30. Rcf3 Rf8 31. e6 Re7 32. Rxf7+ Rexf7 33. exf7 Bc8 34. Re3 Bf5 35. f3 Kf6 36. g4 Bd7 37. Re5 Rh8 38. Kg2 1-0

[Event "BL2 Sued 0708 (Women)"]
[Site "Germany"]
[Date "2008.01.13"]
[Round "5.2"]
[White "Mueller Ludwig, Kristin"]
[Black "Espig, Gesine"]
[Result "1-0"]
[WhiteElo "2141"]
[BlackElo "2090"]
[PlyCount "57"]
[EventDate "2007.11.10"]
[EventType "team-tourn"]
[EventRounds "7"]
[EventCountry "GER"]
[SourceTitle "EXT 2009"]
[Source "ChessBase"]
[SourceDate "2008.11.26"]
[SourceVersion "1"]
[SourceVersionDate "2008.11.26"]
[SourceQuality "1"]
[WhiteTeam "Erfurt Medizin (W)"]
[BlackTeam "Zeulenroda (W)"]
[WhiteTeamCountry "GER"]
[BlackTeamCountry "GER"]

1. e4 g6 2. d4 Bg7 3. Nc3 d6 4. Be3 c6 5. Qd2 Qc7 6. f4 Nd7 7. Nf3 b5 8. Bd3 Nb6 9. b3 e6 10. e5 d5 11. Ne2 h5 12. Bf2 Bd7 13. 0-0 Nh6 14. Rac1 0-0 15. h3 Rfc8 16. Kh1 Be8 17. Rg1 a5 18. g4 hxg4 19. hxg4 Nd7 20. f5 c5 21. Be3 Nxg4 22. Rxg4 exf5 23. Bxf5 cxd4 24. Nexd4 Nxe5 25. Nxe5 Qxe5 26. Bxc8 Rxc8 27. Rg2 f5 28. Re1 Qe4 29. Bf2 1-0

[Event "GER-chT Federal Cup (Women)"]
[Site "Germany"]
[Date "2007.??.??"]
[Round "5"]
[White "Espig, Gesine"]
[Black "Von Herman, Brigitte"]
[Result "1/2-1/2"]
[WhiteElo "2080"]
[BlackElo "2070"]
[PlyCount "38"]
[EventDate "2007.06.??"]
[EventType "team-swiss"]
[EventRounds "5"]
[EventCountry "GER"]
[SourceTitle "EXT 2008"]
[Source "ChessBase"]
[SourceDate "2007.11.25"]
[SourceVersion "1"]
[SourceVersionDate "2007.11.25"]
[SourceQuality "1"]
[WhiteTeam "Thueringen"]
[BlackTeam "Berlin"]
[WhiteTeamCountry "GER"]
[BlackTeamCountry "GER"]

1. d4 Nf6 2. c4 e6 3. Nc3 Bb4 4. Qc2 Nc6 5. e3 d6 6. Nf3 0-0 7. Bd2 Qe7 8. a3 Bxc3 9. Bxc3 a5 10. Bd3 e5 11. d5 Nb8 12. Nd2 b6 13. 0-0 g6 14. Be2 a4 15. e4 g5 16. f3 h6 17. g4 Nfd7 18. Rf2 Nc5 19. Kg2 f6 1/2-1/2

[Event "BL 0506 (Women)"]
[Site "Germany"]
[Date "2006.04.08"]
[Round "10.1"]
[White "Espig, Gesine"]
[Black "Heinatz, Gundula"]
[Result "1-0"]
[WhiteElo "1964"]
[BlackElo "2251"]
[PlyCount "55"]
[EventDate "2005.10.29"]
[EventType "team-tourn"]
[EventRounds "11"]
[EventCountry "GER"]
[SourceTitle "EXT 2007"]
[Source "ChessBase"]
[SourceDate "2006.11.23"]
[SourceVersion "1"]
[SourceVersionDate "2006.11.23"]
[SourceQuality "1"]
[WhiteTeam "Zeulenroda"]
[BlackTeam "Karlsruhe (W)"]
[WhiteTeamCountry "GER"]
[BlackTeamCountry "GER"]

1. d4 Nf6 2. c4 g6 3. Nc3 d5 4. Nf3 Bg7 5. e3 0-0 6. Bd3 c5 7. 0-0 cxd4 8. Nxd4 Nc6 9. Nxc6 bxc6 10. Qc2 Ng4 11. h3 Ne5 12. cxd5 cxd5 13. Rd1 e6 14. Be2 Qc7 15. Qa4 Bd7 16. Qf4 Qb6 17. h4 h5 18. b3 Ng4 19. Bb2 Be5 20. Qg5 Bf6 21. Qf4 Qb8 22. Qxb8 Rfxb8 23. g3 a5 24. Rab1 Bg7 25. Bxg4 hxg4 26. Ne4 Bb5 27. Nf6+ Kf8 28. Ba3# 1-0

[Event "Halle-chT (Women)"]
[Site "Halle"]
[Date "2005.04.17"]
[Round "5.5"]
[White "Zschischang, Marine"]
[Black "Espig, Gesine"]
[Result "1-0"]
[WhiteElo "2061"]
[BlackElo "2080"]
[PlyCount "110"]
[EventDate "2005.04.14"]
[EventType "team"]
[EventRounds "5"]
[EventCountry "GER"]
[SourceTitle "CBM 105 Extra"]
[Source "ChessBase"]
[SourceDate "2005.05.01"]
[SourceVersion "1"]
[SourceVersionDate "2005.05.01"]
[SourceQuality "1"]

1. d4 d5 2. c4 e6 3. Nc3 Nf6 4. Bg5 Be7 5. e3 0-0 6. Nf3 Nbd7 7. Rc1 a6 8. cxd5 exd5 9. Bd3 c6 10. 0-0 Re8 11. Bf4 Bf8 12. Bb1 g6 13. Bg5 Qa5 14. Nd2 Bg7 15. h4 h6 16. Bf4 Nh5 17. Bh2 Ndf6 18. Re1 Ng4 19. Nf1 Qd8 20. g3 Qd7 21. Qf3 a5 22. Na4 Qd8 23. Nc5 Nhf6 24. Qg2 Nd7 25. Kh1 Nxc5 26. dxc5 Bxb2 27. Rcd1 Bg7 28. Bg1 Bc3 29. Re2 Nf6 30. f3 Qe7 31. g4 Qxc5 32. h5 g5 33. Rc2 Qb4 34. Qe2 Be5 35. Rcd2 Bc7 36. Qd3 Qc4 37. Qa3 Qb4 38. Qd3 Qc4 39. Qa3 Qb4 40. Qd3 Bxg4 41. fxg4 Qxg4 42. Bh2 Qxh5 43. Kg1 Bb6 44. Qb3 Qg4+ 45. Rg2 Qb4 46. Qd3 Re4 47. Qe2 Rg4 48. Qf3 Rxg2+ 49. Kxg2 Qg4+ 50. Kf2 Re8 51. Bc2 Qe6 52. Bf5 Ne4+ 53. Bxe4 dxe4 54. Qe2 f5 55. Rd6 Qf7 1-0

[Event "Halle-chT (Women)"]
[Site "Halle"]
[Date "2005.04.16"]
[Round "4.5"]
[White "Espig, Gesine"]
[Black "Reiss, Rebekka"]
[Result "1-0"]
[WhiteElo "2080"]
[BlackElo "1659"]
[PlyCount "63"]
[EventDate "2005.04.14"]
[EventType "team"]
[EventRounds "5"]
[EventCountry "GER"]
[SourceTitle "CBM 105 Extra"]
[Source "ChessBase"]
[SourceDate "2005.05.01"]
[SourceVersion "1"]
[SourceVersionDate "2005.05.01"]
[SourceQuality "1"]

1. c4 f5 2. Nc3 Nf6 3. g3 e6 4. Bg2 Be7 5. d3 0-0 6. e3 Nc6 7. Nge2 d6 8. 0-0 Bd7 9. a3 Qe8 10. b4 Qh5 11. Nf4 Qxd1 12. Rxd1 Nd8 13. d4 c6 14. Nd3 Nf7 15. Rb1 Rab8 16. a4 e5 17. b5 e4 18. Nb4 a5 19. Nc2 cxb5 20. axb5 Rbc8 21. Bf1 b6 22. Na4 Bd8 23. Ba3 Re8 24. c5 bxc5 25. dxc5 dxc5 26. Nxc5 Be6 27. Nd4 Ng5 28. b6 Rb8 29. Ndxe6 Nxe6 30. Nxe6 Rxe6 31. Bc4 Kf7 32. Rd6 1-0

[Event "Halle-chT (Women)"]
[Site "Halle"]
[Date "2005.04.14"]
[Round "1.5"]
[White "Katte, Isabel"]
[Black "Espig, Gesine"]
[Result "0-1"]
[WhiteElo "1931"]
[BlackElo "2080"]
[PlyCount "50"]
[EventDate "2005.04.14"]
[EventType "team"]
[EventRounds "5"]
[EventCountry "GER"]
[SourceTitle "CBM 105 Extra"]
[Source "ChessBase"]
[SourceDate "2005.05.01"]
[SourceVersion "1"]
[SourceVersionDate "2005.05.01"]
[SourceQuality "1"]

1. e4 c5 2. Nc3 Nc6 3. f4 e6 4. Bb5 Nd4 5. Nf3 a6 6. Be2 b5 7. a3 Bb7 8. d3 g6 9. Be3 Bg7 10. e5 Ne7 11. Ne4 Nef5 12. Bxd4 cxd4 13. Qd2 0-0 14. 0-0 d6 15. Qb4 dxe5 16. fxe5 Rc8 17. Nc5 Bxf3 18. Bxf3 Bxe5 19. Ne4 Rxc2 20. Rf2 Qc7 21. g3 Ne3 22. Be2 h6 23. Re1 f5 24. Rf3 Re8 25. Nd2 Nd5 0-1

[Event "GER-chT2 (Women) 0405"]
[Site "Germany"]
[Date "2004.11.07"]
[Round "2"]
[White "Espig, Gesine"]
[Black "Daemering, Katrin"]
[Result "1-0"]
[WhiteElo "2093"]
[BlackElo "2148"]
[PlyCount "71"]
[EventDate "2004.11.06"]
[EventType "team"]
[EventRounds "9"]
[EventCountry "GER"]
[SourceTitle "EXT 2006"]
[Source "ChessBase"]
[SourceDate "2005.11.24"]
[SourceVersion "1"]
[SourceVersionDate "2005.11.24"]
[SourceQuality "1"]

1. d4 Nf6 2. Nf3 g6 3. g3 Bg7 4. Bg2 d6 5. 0-0 0-0 6. c4 Nc6 7. Nc3 Re8 8. e3 e5 9. d5 Ne7 10. e4 h6 11. h3 Nd7 12. Be3 f5 13. Qd2 Kh7 14. Nh2 Nf6 15. f3 Rf8 16. g4 f4 17. Bf2 g5 18. Rfc1 h5 19. c5 Bd7 20. b4 hxg4 21. hxg4 Rh8 22. a4 Kg6 23. Qd3 Rh6 24. cxd6 cxd6 25. Nb5 Qh8 26. Nf1 Bxb5 27. Qxb5 b6 28. Rc7 Qd8 29. Rac1 Rc8 30. Rxc8 Nxc8 31. Qa6 Rh8 32. Qb7 Rf8 33. Rc7 Bh8 34. Nd2 Re8 35. Bf1 Rf8 36. Ba6 1-0

[Event "GER-chT2 (Women) 0405"]
[Site "Germany"]
[Date "2004.11.06"]
[Round "1"]
[White "Gempe, Anet"]
[Black "Espig, Gesine"]
[Result "0-1"]
[WhiteElo "2099"]
[BlackElo "2093"]
[PlyCount "50"]
[EventDate "2004.11.06"]
[EventType "team"]
[EventRounds "9"]
[EventCountry "GER"]
[SourceTitle "EXT 2006"]
[Source "ChessBase"]
[SourceDate "2005.11.24"]
[SourceVersion "1"]
[SourceVersionDate "2005.11.24"]
[SourceQuality "1"]

1. e4 c5 2. Nf3 Nc6 3. d4 cxd4 4. Nxd4 Nf6 5. Nc3 d6 6. Be2 e6 7. Be3 a6 8. a4 Be7 9. Nb3 Na5 10. Nxa5 Qxa5 11. 0-0 Bd7 12. Qd2 Rc8 13. Rfd1 Qb4 14. Bd3 Qxb2 15. Ne2 Qe5 16. f4 Qh5 17. Ng3 Qh4 18. Nf1 Bc6 19. e5 dxe5 20. fxe5 Ng4 21. Be4 0-0 22. Bxc6 Rxc6 23. Qd7 Rxc2 24. g3 Qh3 25. Qxb7 Nxe3 0-1

[Event "BL2 Gr2 0304 (Women)"]
[Site "Germany"]
[Date "2004.03.14"]
[Round "7.3"]
[White "Beltz, Martina"]
[Black "Espig, Gesine"]
[Result "1-0"]
[WhiteElo "2110"]
[BlackElo "2093"]
[PlyCount "60"]
[EventDate "2003.10.25"]
[EventType "team-tourn"]
[EventRounds "7"]
[EventCountry "GER"]
[SourceTitle "EXT 2006"]
[Source "ChessBase"]
[SourceDate "2005.11.24"]
[SourceVersion "1"]
[SourceVersionDate "2005.11.24"]
[SourceQuality "1"]
[WhiteTeam "Leipzig Gohlis (W)"]
[BlackTeam "Zeulenroda (W)"]
[WhiteTeamCountry "GER"]
[BlackTeamCountry "GER"]

1. d4 Nf6 2. Nf3 g6 3. c4 Bg7 4. Nc3 d6 5. e4 c6 6. Be2 0-0 7. 0-0 Bg4 8. Be3 Nbd7 9. Qc2 e5 10. Rfd1 Qc7 11. Rac1 Rae8 12. d5 c5 13. b4 a6 14. a3 h6 15. Rb1 Re7 16. Rb2 cxb4 17. axb4 Bxf3 18. gxf3 Ne8 19. Na4 f5 20. c5 Ref7 21. c6 Nb8 22. b5 axb5 23. Bxb5 fxe4 24. fxe4 Qc8 25. Qe2 Rf3 26. cxb7 Qg4+ 27. Kh1 Qxe4 28. Qd3 Qh4 29. Qxg6 R3f6 30. Qg2 e4 1-0

[Event "BL2 Gr2 0304 (Women)"]
[Site "Germany"]
[Date "2003.11.30"]
[Round "4.3"]
[White "Espig, Gesine"]
[Black "Horstmann, Astrid"]
[Result "1/2-1/2"]
[WhiteElo "2093"]
[BlackElo "1974"]
[PlyCount "56"]
[EventDate "2003.10.25"]
[EventType "team-tourn"]
[EventRounds "7"]
[EventCountry "GER"]
[SourceTitle "EXT 2006"]
[Source "ChessBase"]
[SourceDate "2005.11.24"]
[SourceVersion "1"]
[SourceVersionDate "2005.11.24"]
[SourceQuality "1"]
[WhiteTeam "Zeulenroda (W)"]
[BlackTeam "Unterpfaffenhofen (W)"]
[WhiteTeamCountry "GER"]
[BlackTeamCountry "GER"]

1. d4 d5 2. c4 Nc6 3. Nf3 Bg4 4. e3 e5 5. Be2 Bb4+ 6. Bd2 Bxd2+ 7. Nbxd2 exd4 8. Nxd4 Bxe2 9. Nxe2 Nf6 10. 0-0 0-0 11. Ng3 d4 12. exd4 Qxd4 13. Qc1 Ne5 14. Qc2 Rad8 15. Rad1 Qh4 16. h3 Rd7 17. Rfe1 Qf4 18. Nde4 Rxd1 19. Rxd1 Nxe4 20. Nxe4 h6 21. b3 Re8 22. Ng3 c5 23. Kf1 Nc6 24. Qd2 Qxd2 25. Rxd2 Nd4 26. Ne2 Nxe2 27. Rxe2 Kf8 28. Rd2 Re5 1/2-1/2

[Event "BL2 West 0203 (Women)"]
[Site "Germany"]
[Date "2002.??.??"]
[Round "2"]
[White "Espig, Gesine"]
[Black "Brandauer, Dorit"]
[Result "1/2-1/2"]
[WhiteElo "2096"]
[BlackElo "2045"]
[PlyCount "30"]
[EventDate "2002.10.??"]
[EventType "team-tourn"]
[EventRounds "7"]
[EventCountry "GER"]
[SourceTitle "EXT 2006"]
[Source "ChessBase"]
[SourceDate "2005.11.24"]
[SourceVersion "1"]
[SourceVersionDate "2005.11.24"]
[SourceQuality "1"]

1. c4 Nf6 2. Nc3 g6 3. d4 Bg7 4. e4 d6 5. f3 0-0 6. Be3 Nbd7 7. Bd3 a6 8. Nge2 Rb8 9. Qd2 e5 10. 0-0 exd4 11. Nxd4 Ne5 12. Rac1 Bd7 13. Rfd1 c5 14. Nde2 Bc6 15. b3 b5 1/2-1/2

[Event "BL2 West 0102 (Women)"]
[Site "Germany"]
[Date "2001.12.01"]
[Round "3.2"]
[White "Piochacz, Petra"]
[Black "Espig, Gesine"]
[Result "1/2-1/2"]
[WhiteElo "1727"]
[BlackElo "2107"]
[PlyCount "85"]
[EventDate "2001.10.27"]
[EventType "team-tourn"]
[EventRounds "7"]
[EventCountry "GER"]
[SourceTitle "EXT 2003"]
[Source "ChessBase"]
[SourceDate "2002.11.25"]
[SourceVersion "1"]
[SourceVersionDate "2002.11.25"]
[SourceQuality "1"]
[WhiteTeam "Unterpfaffenhofen (W)"]
[BlackTeam "Zeulenroda"]
[WhiteTeamCountry "GER"]
[BlackTeamCountry "GER"]

1. e4 c5 2. Nc3 Nc6 3. g3 g6 4. Bg2 Bg7 5. d3 e6 6. Be3 d6 7. Qd2 Nd4 8. f4 Ne7 9. Nf3 Nec6 10. a3 Rb8 11. Rb1 0-0 12. Ne2 e5 13. 0-0 Bg4 14. c3 Nxe2+ 15. Qxe2 Qd7 16. Qd2 b6 17. fxe5 dxe5 18. Bh6 Rbd8 19. Bxg7 Kxg7 20. Qf2 f6 21. Ne1 Qe6 22. Qc2 Rf7 23. Bf3 Rfd7 24. Qf2 Bh3 25. Bg2 Bxg2 26. Qxg2 c4 27. dxc4 Qxc4 28. Qf3 Qe6 29. Ng2 Rd3 30. Ne3 Na5 31. Rbd1 Rxd1 32. Rxd1 Rxd1+ 33. Qxd1 Nb7 34. Qa4 a5 35. b4 Qd6 36. Nd5 f5 37. bxa5 bxa5 38. Qb5 Nc5 39. Qxa5 Nxe4 40. Qa7+ Kh6 41. c4 Qc6 42. Qe3+ Kg7 43. Qa7+ 1/2-1/2

[Event "BL 0001 (Women)"]
[Site "Germany"]
[Date "2001.??.??"]
[Round "10.1"]
[White "Espig, Gesine"]
[Black "Lomineishvili, Maia"]
[Result "0-1"]
[WhiteElo "2093"]
[BlackElo "2376"]
[PlyCount "53"]
[EventDate "2000.10.??"]
[EventType "team-tourn"]
[EventRounds "11"]
[EventCountry "GER"]
[SourceTitle "CBM 082 Extra"]
[Source "ChessBase"]
[SourceDate "2001.07.03"]
[SourceVersion "1"]
[SourceVersionDate "2001.07.03"]
[SourceQuality "1"]
[WhiteTeam "Zeulenroda (W)"]
[BlackTeam "Karlsruhe (W)"]
[WhiteTeamCountry "GER"]
[BlackTeamCountry "GER"]

1. c4 e5 2. Nc3 d6 3. g3 g6 4. Bg2 Bg7 5. e3 Nf6 6. Nge2 Nc6 7. d4 0-0 8. 0-0 a5 9. d5 Ne7 10. e4 Ne8 11. Be3 f5 12. f3 Nf6 13. h3 Bd7 14. Kh2 Nh5 15. Qd2 f4 16. gxf4 exf4 17. Bd4 g5 18. Bxg7 Nxg7 19. Qd4 Ng6 20. c5 Ne5 21. cxd6 cxd6 22. Na4 Bb5 23. Rfe1 g4 24. Nec3 Bxa4 25. Nxa4 gxf3 26. Bh1 Qh4 27. Rg1 0-1

[Event "BL 0001 (Women)"]
[Site "Germany"]
[Date "2001.??.??"]
[Round "7.1"]
[White "Ioseliani, Nana"]
[Black "Espig, Gesine"]
[Result "1-0"]
[WhiteElo "2476"]
[BlackElo "2093"]
[PlyCount "73"]
[EventDate "2000.10.??"]
[EventType "team-tourn"]
[EventRounds "11"]
[EventCountry "GER"]
[SourceTitle "CBM 082 Extra"]
[Source "ChessBase"]
[SourceDate "2001.07.03"]
[SourceVersion "1"]
[SourceVersionDate "2001.07.03"]
[SourceQuality "1"]
[WhiteTeam "Halle USV (W)"]
[BlackTeam "Zeulenroda (W)"]
[WhiteTeamCountry "GER"]
[BlackTeamCountry "GER"]

1. Nf3 d5 2. d4 Nf6 3. c4 e6 4. Nc3 Be7 5. Bg5 Nbd7 6. e3 0-0 7. Rc1 dxc4 8. Bxc4 a6 9. a4 c5 10. 0-0 h6 11. Bh4 cxd4 12. exd4 Nb6 13. Ba2 Bd7 14. Ne5 Rc8 15. Re1 Nbd5 16. Bb1 Bc6 17. Nxc6 Rxc6 18. Bg3 Nxc3 19. bxc3 Qa5 20. Re5 Qb6 21. Qd3 Qb2 22. Ree1 Rfc8 23. c4 Qa3 24. c5 Qxa4 25. Be5 Qa5 26. Qg3 b6 27. Be4 bxc5 28. Bxc6 Rxc6 29. Bxf6 Bxf6 30. Qb8+ Kh7 31. Qe8 Qc7 32. Rxc5 Rxc5 33. dxc5 Qxc5 34. Qxf7 e5 35. Qe6 Qc2 36. Qxa6 Qf5 37. Qe2 1-0

[Event "BL 0001 (Women)"]
[Site "Germany"]
[Date "2000.??.??"]
[Round "4.1"]
[White "Espig, Gesine"]
[Black "Voiska, Margarita"]
[Result "1-0"]
[WhiteElo "2093"]
[BlackElo "2330"]
[PlyCount "89"]
[EventDate "2000.10.??"]
[EventType "team-tourn"]
[EventRounds "11"]
[EventCountry "GER"]
[SourceTitle "CBM 082 Extra"]
[Source "ChessBase"]
[SourceDate "2001.07.03"]
[SourceVersion "1"]
[SourceVersionDate "2001.07.03"]
[SourceQuality "1"]
[WhiteTeam "Zeulenroda (W)"]
[BlackTeam "Hamburger SK (W)"]
[WhiteTeamCountry "GER"]
[BlackTeamCountry "GER"]

1. c4 c5 2. Nc3 Nc6 3. g3 g6 4. Bg2 Bg7 5. a3 e5 6. Nf3 Nge7 7. 0-0 d6 8. d3 0-0 9. Rb1 a5 10. Ne1 Be6 11. Nd5 Nd4 12. e3 Bxd5 13. cxd5 Nb5 14. a4 Nc7 15. e4 Qd7 16. Ra1 Na6 17. Nc2 Nc8 18. Ne3 Nb6 19. h4 Nb4 20. Kh2 Qc7 21. b3 Nc8 22. Bh3 Ne7 23. Nc4 Rab8 24. Bg5 f6 25. Be6+ Kh8 26. Be3 b6 27. Kg2 Rbd8 28. Rh1 h6 29. Bc1 Kh7 30. h5 g5 31. Ne3 Na6 32. Bd2 Qb7 33. Qg4 Nc7 34. Bf5+ Kg8 35. Nc4 Ne8 36. Raf1 Nc7 37. f4 Nxf5 38. Qxf5 Ne8 39. fxg5 fxg5 40. Qe6+ Kh8 41. Rxf8+ Bxf8 42. Rf1 Bg7 43. Rf7 Qb8 44. Qg6 Rc8 45. Re7 1-0

[Event "BL 9798 (Women)"]
[Site "Germany"]
[Date "1998.??.??"]
[Round "?.3"]
[White "Espig, Gesine"]
[Black "Heinatz, Gundula"]
[Result "0-1"]
[WhiteElo "2065"]
[BlackElo "2220"]
[PlyCount "109"]
[EventDate "1997.10.??"]
[EventType "team-tourn"]
[EventRounds "11"]
[EventCountry "GER"]
[SourceTitle "EXT 1999"]
[Source "ChessBase"]
[SourceDate "1998.11.16"]
[SourceVersion "1"]
[SourceVersionDate "1998.11.16"]
[SourceQuality "1"]
[WhiteTeam "Gera"]
[BlackTeam "Dresden (W)"]
[WhiteTeamCountry "GER"]
[BlackTeamCountry "GER"]

1. c4 e5 2. Nc3 Nf6 3. g3 d5 4. cxd5 Nxd5 5. Bg2 Nb6 6. Nf3 Nc6 7. d3 Be7 8. 0-0 0-0 9. a3 a5 10. Be3 Be6 11. Rc1 Nd5 12. Nxd5 Bxd5 13. Bc5 Re8 14. Qa4 Bf6 15. e4 Be6 16. Rfd1 Qd7 17. Be3 Rad8 18. Rc5 Bg4 19. Qb5 Qc8 20. Rdc1 h6 21. Qb3 Rd6 22. Qc2 Red8 23. Ne1 Qe6 24. Bf1 Bg5 25. f4 exf4 26. gxf4 Bh4 27. f5 Qe7 28. Qg2 Bxf5 29. Kh1 Rg6 30. Rxf5 Rxg2 31. Nxg2 Bg5 32. Bxg5 hxg5 33. Ne3 f6 34. Rf2 Qe5 35. Nd5 Kf7 36. b4 axb4 37. axb4 Rxd5 38. exd5 Qxd5+ 39. Kg1 Qd6 40. b5 Nd4 41. Rb1 f5 42. b6 cxb6 43. Bg2 g4 44. Bxb7 g3 45. hxg3 Qxg3+ 46. Bg2 Qd6 47. Ra2 Qc5 48. Kh1 b5 49. Re1 b4 50. Ra8 b3 51. Rb8 Kf6 52. Rb7 g6 53. Rb8 Ne2 54. Rxb3 Qf2 55. Rb6+ 0-1

[Event "BL 9697 (Women)"]
[Site "Germany"]
[Date "1997.??.??"]
[Round "?"]
[White "Ankerst, Milka"]
[Black "Espig, Gesine"]
[Result "1-0"]
[WhiteElo "2100"]
[BlackElo "2145"]
[PlyCount "67"]
[EventDate "1996.10.??"]
[EventType "team-tourn"]
[EventRounds "11"]
[EventCountry "GER"]
[SourceTitle "EXT 2000"]
[Source "ChessBase"]
[SourceDate "1999.11.16"]
[SourceVersion "1"]
[SourceVersionDate "1999.11.16"]
[SourceQuality "1"]

1. e4 c5 2. Nf3 Nc6 3. d4 cxd4 4. Nxd4 Nf6 5. Nc3 d6 6. Bc4 e6 7. Be3 a6 8. Bb3 Qc7 9. f4 Be7 10. Qf3 0-0 11. 0-0 Na5 12. f5 Nc4 13. Bxc4 Qxc4 14. Rad1 Rb8 15. g4 b5 16. g5 Ne8 17. a3 b4 18. axb4 Rxb4 19. Nb3 Qc7 20. Qg3 Kh8 21. Rf4 d5 22. fxe6 Bxe6 23. exd5 Bd6 24. dxe6 Bxf4 25. e7 Bxe3+ 26. Qxe3 Rg4+ 27. Kh1 Rg8 28. Nd4 Qc5 29. b4 Qb6 30. Nd5 Qb7 31. c4 Nc7 32. Qf3 Rxg5 33. Qxf7 Nxd5 34. Qxg8+ 1-0

[Event "BL 9697 (Women)"]
[Site "Germany"]
[Date "1997.??.??"]
[Round "?"]
[White "Espig, Gesine"]
[Black "Kiefhaber, Veronika"]
[Result "1/2-1/2"]
[WhiteElo "2145"]
[BlackElo "2210"]
[PlyCount "92"]
[EventDate "1996.10.??"]
[EventType "team-tourn"]
[EventRounds "11"]
[EventCountry "GER"]
[SourceTitle "EXT 2000"]
[Source "ChessBase"]
[SourceDate "1999.11.16"]
[SourceVersion "1"]
[SourceVersionDate "1999.11.16"]
[SourceQuality "1"]

1. c4 d6 2. Nc3 Nf6 3. g3 g6 4. Bg2 Bg7 5. d3 0-0 6. e3 e5 7. Nge2 c6 8. e4 Na6 9. 0-0 Nc7 10. d4 Qe7 11. h3 Rd8 12. d5 cxd5 13. cxd5 b5 14. a3 a5 15. Be3 Bd7 16. b4 axb4 17. axb4 Rxa1 18. Qxa1 Ra8 19. Qb2 Qd8 20. Ra1 Qc8 21. Kh2 Ra6 22. Ra5 Bf8 23. Bf1 Qb7 24. Qa3 Be7 25. Rxa6 Qxa6 26. Qb2 Na8 27. Ng1 Nb6 28. Nf3 Bd8 29. Nd2 Na4 30. Nxa4 Qxa4 31. Bd3 Qa6 32. Nb1 Bb6 33. Bxb6 Qxb6 34. Nc3 Ne8 35. Nd1 Nc7 36. Kg2 Na6 37. Ne3 Qc7 38. Be2 Qc8 39. Ng4 Kg7 40. f4 f6 41. fxe5 fxe5 42. Qd2 Bxg4 43. hxg4 Qb7 44. g5 Qb6 45. Qc3 Qb7 46. Bg4 Qc7 1/2-1/2